[Event "AUTO-INT-3921"]
[Site "http://www.queenalice.com/game.php?id=1853487"]
[Date "2025.3.7"]
[Round "1"]
[White "Ruusgugg"]
[Black "ookla1"]
[Result "0-1"]
[WhiteElo "1362"]
[BlackElo "1478"]

1. g4 e5 2. b3 d6 3. h4 h6 4. h5 Bxg4 5. f3 Bf5 6. e4 Be6 7. c4 Nc6 8. Nc3 a6 9.
d3 Nf6 10. Nd5 Na7 11. Bd2 c6 12. Ne3 Be7 13. Nf5 O-O 14. Nxe7+ Qxe7 15. Be3 Nc8
16. Qe2 c5 17. Qg2 Kh7 18. O-O-O Na7 19. f4 exf4 20. Bxf4 Bg4 21. Be2 Qe6 22.
Rh4 Bxh5 23. Bxh5 Nxh5 24. Rxh5 Nc6 25. Rh4 Qf6 26. Bd2 Qxh4 27. Nf3 Qf6 28. Rh1
Rg8 29. Ng5+ Kh8 30. a3 Qa1+ 31. Kc2 Nd4# 0-1

[Event "AUTO-INT-3921"]
[Site "http://www.queenalice.com/game.php?id=1853488"]
[Date "2025.3.7"]
[Round "1"]
[White "ookla1"]
[Black "Ruusgugg"]
[Result "1-0"]
[WhiteElo "1430"]
[BlackElo "1339"]

1. e4 b6 2. Bc4 Bb7 3. Nf3 f6 4. Nc3 g5 5. a3 g4 6. Nd4 c5 7. Nde2 h5 8. d4 Qc7
9. Bf4 Qd8 10. h3 cxd4 11. Nxd4 e5 12. Be3 gxh3 13. gxh3 Nc6 14. Qd2 exd4 15.
Bxd4 Nxd4 16. Qxd4 f5 17. O-O-O Rh7 18. Nd5 Bg7 19. Qe3 Bh6 20. Nf4 Re7 21. Qg3
Rg7 22. Qd3 Bxf4+ 23. Kb1 Bxe4 24. Qc3 Nf6 25. Rhe1 Rc8 26. f3 Rg3 27. Qd4 d5
28. Bb5+ Nd7 29. fxe4 Rc5 30. exd5+ Kf8 31. Qh8+ Rg8 32. Qh6+ Rg7 33. Qxf4 Rf7
34. Qh6+ Kg8 35. Bf1 Nf6 36. Re6 Rxd5 37. Bd3 Qc8 38. Rg1+ Ng4 39. Rg6+ Rg7 40.
Qxg7# 1-0

[Event "AUTO-INT-3921"]
[Site "http://www.queenalice.com/game.php?id=1853501"]
[Date "2025.3.7"]
[Round "1"]
[White "eloy"]
[Black "ookla1"]
[Result "1-0"]
[WhiteElo "1626"]
[BlackElo "1462"]

1. e4 e5 2. Nf3 Nc6 3. Bc4 h6 4. c3 Nf6 5. d3 Be7 6. Nh4 d6 7. Nf5 Bf8 8. O-O g6
9. Ne3 Qe7 10. Nd5 Qd7 11. Nxf6+ 1-0

[Event "AUTO-INT-3921"]
[Site "http://www.queenalice.com/game.php?id=1853502"]
[Date "2025.3.7"]
[Round "1"]
[White "ookla1"]
[Black "eloy"]
[Result "0-1"]
[WhiteElo "1399"]
[BlackElo "1527"]

1. e4 e5 2. d3 Nf6 3. Nf3 Bd6 4. Be2 h6 5. h3 Nc6 6. Nc3 a6 7. b3 Bb4 8. Bd2 O-O
9. O-O d6 10. a3 Bxc3 11. Bxc3 Nh5 12. Nh2 Nf4 13. Bf3 Qg5 14. Kh1 Nd4 15. Bg4
Bxg4 16. Nxg4 Nb5 17. Bb2 Nd4 18. Bc1 Qe7 19. Bb2 b5 20. b4 Qh4 21. Nh2 Qg5 22.
g3 Nxh3 23. Bc1 Qf6 24. Ng4 Qf3+ 25. Qxf3 Nxf3 26. Nh2 Nd4 27. Ra2 Ng5 28. Re1
Ndf3 29. Nxf3 Nxf3 30. Re3 Nd4 31. Rb2 a5 32. bxa5 c6 33. c3 Ne6 0-1

[Event "AUTO-INT-3921"]
[Site "http://www.queenalice.com/game.php?id=1853509"]
[Date "2025.3.7"]
[Round "1"]
[White "johnew"]
[Black "ookla1"]
[Result "1-0"]
[WhiteElo "2091"]
[BlackElo "1495"]

1. e4 e5 2. Nf3 d6 3. d4 Nf6 4. Nc3 c6 5. dxe5 dxe5 6. Qxd8+ Kxd8 7. Nxe5 Bd6 8.
Nxf7+ Kc7 9. Nxh8 Be6 10. f4 Bb4 11. Bd3 Nbd7 12. f5 Bg8 13. Bd2 Ne5 14. Bf4 Bd6
15. Be2 Rd8 16. O-O Nf7 17. Nxf7 Bxf7 18. e5 Bc5+ 19. Kh1 Nh5 20. Bxh5 Bxh5 21.
Ne4 Be7 22. f6 gxf6 23. exf6+ Kc8 24. fxe7 Re8 25. Nd6+ Kd7 26. Nxe8 1-0

[Event "AUTO-INT-3921"]
[Site "http://www.queenalice.com/game.php?id=1853510"]
[Date "2025.3.7"]
[Round "1"]
[White "ookla1"]
[Black "johnew"]
[Result "0-1"]
[WhiteElo "1480"]
[BlackElo "2106"]

1. e4 c5 2. Bc4 Nc6 3. Nc3 e6 4. a3 Nf6 5. Nf3 Be7 6. O-O O-O 7. d3 d5 8. exd5
exd5 9. Ba2 Bg4 10. Re1 Nd4 11. Re3 Nxf3+ 12. Kh1 d4 13. Re2 Nxh2 14. Kxh2 Bxe2
15. Nxe2 Bd6+ 16. Ng3 h5 17. Kg1 h4 18. Nf5 Bc7 19. Bg5 h3 20. gxh3 Qd7 21. Qf3
Nh7 22. Be7 Rfe8 23. Bxc5 Re5 24. Bxd4 Rxf5 25. Qg4 Rg5 26. Qxg5 Nxg5 27. Be3
Qxh3 0-1

[Event "AUTO-INT-3891"]
[Site "http://www.queenalice.com/game.php?id=1856352"]
[Date "2025.4.29"]
[Round "2"]
[White "juim"]
[Black "ookla1"]
[Result "1-0"]
[WhiteElo "1544"]
[BlackElo "1431"]

1. e4 e5 2. d4 d5 3. dxe5 Be6 4. exd5 Bxd5 5. f3 a6 6. Be3 g6 7. Nc3 c6 8. Bd3
Bg7 9. Qe2 Be6 10. O-O-O Nd7 11. Nh3 Nxe5 12. Bf4 Qd4 13. Bxg6 Qc5 14. Be4 Ne7
15. Na4 Qb4 16. b3 N5g6 17. Bd2 Qd6 18. Bc3 Qa3+ 19. Kd2 Qd6+ 20. Bd3 O-O 21.
Bxg7 Kxg7 22. c4 c5 23. Nf2 Nf5 24. Ne4 Qc6 25. Naxc5 Bc8 26. g4 Nf4 27. Qe3
Nxe3 28. Rde1 Neg2 29. Na4 Nxe1 30. Kxe1 Nxd3+ 31. Ke2 Rd8 32. Nac3 Qb6 33. Nd5
Qe6 34. Kxd3 Qg6 35. h4 Re8 36. Re1 Rd8 37. h5 Qe6 38. Re3 h6 39. Nc5 Qd6 40.
Ne4 1-0

[Event "AUTO-INT-3891"]
[Site "http://www.queenalice.com/game.php?id=1856353"]
[Date "2025.4.29"]
[Round "2"]
[White "ookla1"]
[Black "juim"]
[Result "0-1"]
[WhiteElo "1409"]
[BlackElo "1566"]

1. e4 d5 2. d3 dxe4 3. d4 e6 4. Nc3 Bb4 5. Ne2 Nf6 6. Bd2 O-O 7. h3 Bd7 8. Ng3
Bd6 9. Ngxe4 Bb4 10. a3 Ba5 11. Be2 Nc6 12. Be3 Nxe4 13. O-O e5 14. Nxe4 Bf5 15.
Bd3 exd4 16. Bf4 Bg6 17. b4 Bb6 18. c4 a6 19. c5 Ba7 20. Qf3 f5 21. Ng5 h6 22.
Ne6 Qe7 23. Nxf8 Kxf8 24. Rfe1 Qh4 25. Bxc7 Rc8 26. Bd6+ Kg8 27. Qd5+ Kh7 28. b5
Na5 29. b6 Bb8 30. Be5 Rd8 31. Qe6 Bxe5 32. Bxf5 Nc4 33. Qxg6+ Kh8 34. Qe6 d3
35. Qg6 Kg8 36. Re4 Qe7 37. Be6+ Kh8 38. Bf5 Kg8 39. Ree1 d2 0-1

[Event "AUTO-OPEN-4596"]
[Site "http://www.queenalice.com/game.php?id=1857816"]
[Date "2025.5.24"]
[Round "1"]
[White "ookla1"]
[Black "oniwa"]
[Result "0-1"]
[WhiteElo "1466"]
[BlackElo "1805"]

1. e4 e5 2. Nc3 Nf6 3. a3 Bc5 4. h3 O-O 5. d3 Nc6 6. Nf3 d5 7. exd5 Nxd5 8. Bg5
f6 9. Bh4 Nxc3 10. bxc3 Be6 11. Be2 Ne7 12. O-O Nf5 13. Kh1 Nxh4 14. Nxh4 a6 15.
Bf3 c6 16. Qe2 g5 17. Ng6 hxg6 18. c4 Qd7 19. c3 Kg7 20. a4 Bxh3 21. Kh2 Rh8 22.
Qe4 Bf5+ 0-1

[Event "AUTO-OPEN-4596"]
[Site "http://www.queenalice.com/game.php?id=1857817"]
[Date "2025.5.24"]
[Round "1"]
[White "oniwa"]
[Black "ookla1"]
[Result "1-0"]
[WhiteElo "1874"]
[BlackElo "1464"]

1. d4 d5 2. Nc3 e6 3. Nf3 Nf6 4. Bf4 a6 5. e3 Nc6 6. Bd3 h6 7. O-O Be7 8. a3 O-O
9. Ne2 b6 10. Ng3 Bb7 11. Re1 Qd7 12. e4 dxe4 13. Nxe4 Rac8 14. c3 Na5 15. b4
Nc6 16. b5 axb5 17. Bxb5 Qd8 18. Nxf6+ Bxf6 19. Bxc6 Bxc6 20. Ne5 Bb7 21. Qg4
Bg5 22. Bxg5 hxg5 23. Re3 c6 24. Rh3 Qf6 25. Nd7 Qe7 26. Nxf8 Rxf8 27. Qh5 f6
28. Qg6 1-0

[Event "AUTO-OPEN-4596"]
[Site "http://www.queenalice.com/game.php?id=1857818"]
[Date "2025.5.24"]
[Round "1"]
[White "ookla1"]
[Black "juim"]
[Result "0-1"]
[WhiteElo "1420"]
[BlackElo "1555"]

1. e4 d5 2. Bd3 e5 3. Nf3 dxe4 4. Bxe4 c6 5. Nxe5 Qd4 6. Nxf7 Qxe4+ 7. Qe2 Qxe2+
8. Kxe2 Kxf7 9. Rd1 Na6 10. Kf1 Be6 11. d3 Bd6 12. Kg1 Bc5 13. Nc3 Nf6 14. a3
Rae8 15. Bf4 Bd4 16. Rab1 Nc5 17. Ne2 Ng4 18. Nxd4 Re7 19. Re1 Rhe8 20. Bd6 Rd7
21. Bxc5 b6 22. Nxe6 Rxe6 23. Bb4 c5 24. Bc3 Rd5 25. Re4 Rxe4 26. dxe4 Rd8 27.
h4 a5 28. b3 Nh6 29. Be5 Re8 30. Bc7 Re6 31. Re1 Ng4 32. f3 Nf6 33. c4 Rc6 0-1

[Event "AUTO-OPEN-4596"]
[Site "http://www.queenalice.com/game.php?id=1857819"]
[Date "2025.5.24"]
[Round "1"]
[White "juim"]
[Black "ookla1"]
[Result "1-0"]
[WhiteElo "1536"]
[BlackElo "1443"]

1. e4 e5 2. d4 Bd6 3. dxe5 Bxe5 4. c3 Nf6 5. Bg5 a6 6. Na3 b5 7. Bd3 h6 8. Bh4
Nc6 9. Nf3 Bf4 10. g3 Bd6 11. Qe2 O-O 12. c4 Ne5 13. Nxe5 Bxe5 14. f4 Bd4 15.
Rb1 d6 16. Qf3 Bb7 17. Nc2 Bc5 18. b4 Bb6 19. cxb5 axb5 20. Bxb5 Qe7 21. Na3
Bxe4 22. Bxf6 gxf6 23. Qg4+ Kh7 24. Kd2 f5 25. Qh3 Rg8 26. Rb3 d5 27. Re1 Bd4
28. Bd3 c6 29. Bxe4 fxe4 30. b5 e3+ 31. Kd3 Qe4+ 32. Ke2 1-0

[Event "AUTO-INT-3934"]
[Site "http://www.queenalice.com/game.php?id=1857901"]
[Date "2025.5.25"]
[Round "1"]
[White "ookla1"]
[Black "Erlofabr"]
[Result "0-1"]
[WhiteElo "1452"]
[BlackElo "1629"]

1. e4 e5 2. Nc3 f5 3. d3 c5 4. Nf3 Nf6 5. Nxe5 d6 6. Nf3 fxe4 7. dxe4 Nc6 8. h3
g6 9. Be2 a6 10. O-O Be6 11. a3 h6 12. Nh4 Ne5 13. b3 g5 14. Nf5 d5 15. exd5
Bxf5 16. Be3 Bd6 17. Na4 Be4 18. c4 h5 19. b4 b5 20. cxb5 c4 21. b6 g4 22. h4
Bxd5 23. Bg5 O-O 24. Qd2 Be7 25. Qf4 Nfd7 26. Qe3 Qe8 27. Nc3 Ng6 28. Nxd5 Nge5
29. Nc7 Qb8 30. Nxa8 Bd6 31. Qd4 Ng6 32. Bxc4+ Kh7 33. Nc7 Nxb6 34. Qxd6 Nxc4
0-1

[Event "AUTO-INT-3934"]
[Site "http://www.queenalice.com/game.php?id=1857902"]
[Date "2025.5.25"]
[Round "1"]
[White "Erlofabr"]
[Black "ookla1"]
[Result "1-0"]
[WhiteElo "1619"]
[BlackElo "1462"]

1. d4 d5 2. c4 e6 3. g3 h6 4. Nc3 Nf6 5. b4 Bxb4 6. Qa4+ Nc6 7. cxd5 exd5 8. Bd2
O-O 9. O-O-O Qd6 10. Nb5 Qe7 11. Bf4 Ne8 12. Nf3 a6 13. a3 Ba5 14. Qb3 axb5 15.
Kb2 b4 16. a4 Nd6 17. Qxd5 Nf5 18. g4 Be6 19. Qe4 Nd6 20. Qd3 Nc4+ 21. Kc1 Na3
22. d5 Bxg4 23. d6 Qf6 24. Kd2 Bf5 25. e4 Bg6 26. Qb3 cxd6 27. Ke1 Rad8 28. Bd2
Bxe4 29. Be2 Bc2 30. Qd5 Bxd1 31. Kxd1 Rfe8 32. Bd3 Qa1+ 33. Bc1 Nb1 34. Bc4
Nc3+ 35. Kc2 1-0